Loading...
Fine Arts - Visual Fine Arts | 1 | 7 | 2 | 1 | 75 | 64 | 106.50 | 3 | 8 |
Fine Arts - Auditory Fine Arts | 3 | 0 | 0 | 0 | 45 | 39 | 51.33 | 2 | 3 |
History - Ancient History | 1 | 3 | 1 | 1 | 40 | 64 | 102.75 | 1 | 3 |
History - World History | 0 | 2 | 0 | 0 | 20 | 75 | 92.50 | 1 | 1 |
Literature - American Literature | 0 | 2 | 0 | 0 | 20 | 137 | 150.00 | 0 | 2 |
History - European History | 0 | 2 | 1 | 1 | 15 | 93 | 121.00 | 0 | 2 |
Geography | 1 | 0 | 0 | 0 | 15 | 50 | 50.00 | 1 | 1 |
Mythology | 0 | 1 | 0 | 0 | 10 | 82 | 82.00 | 0 | 1 |
Literature - European Literature | 0 | 1 | 0 | 0 | 10 | 143 | 143.00 | 0 | 0 |
Science - Other Science | 0 | 1 | 0 | 0 | 10 | 105 | 105.00 | 1 | 1 |
History - American History | 0 | 1 | 1 | 0 | 5 | 107 | 107.00 | 0 | 1 |
Religion | 0 | 0 | 0 | 0 | 0 | 0.00 | 0 | 0 |